000 00394nam a2200133Ia 4500
008 260604s9999 xx 000 0 und d
020 _a9781484295014
082 _a658.4 MAH
100 _aMAHENDRA [ADHIGUNA]
_935586
245 0 _aAI STARTUP STRATEGY: A BLUEPRINT TO BUILDING SUCCESSFUL ARTIFICIAL INTELLIGENCE PRODUCTS FROM INCEPTT
260 _bAPRESS
500 _aStrategy, AI
942 _cBK
999 _c8409
_d8409